000 00645nam a2200217 a 4500
001 000021345
005 20200930011315.0
008 100906nuuuuuuuucl 000 0 spa d
040 _aDO-SdBNP
_bspa
_cBNPHU
082 _aC863.44
_bS718m
100 1 _aSoto Aparicio, Fernando.
_944583
245 1 0 _aMientras llueva :
_bnovela /
_cFernando Soto Aparicio.
250 _a3a ed.
260 _aMedellĂ­n, Colombia :
_bBedout,
_c[s.n.].
300 _a160 p. ;
_c19 cm.
490 1 _aBolsilibros Bedout
_v64
650 4 _aNovela colombiana
_91243
650 4 _aLiteratura colombiana
_91244
830 0 _aBolsilibros Bedout
_v64
_93750
049 _aBNGR
999 _c20845
_d20845